000 00378nam a2200133 i 4500
001 bg
100 1 _aWYSIECKI, Mieczysław
245 0 _aWpływ składu chemicznego i budowy strukturalnej na własności użytkowe brązów /
_cMieczysław Wysiecki.
260 _aSzczecin,
_c1976.
040 _cBPK
041 _apol
942 _cKS
008 s pl f |000 0 pol
999 _c17091
_d17091
856 _uhttp://koha.tu.koszalin.pl/cgi-bin/koha/opac-detail.pl?biblionumber=17091
_yKatalog online BPK